| 000 | 00575nam a2200169Ia 4500 | ||
|---|---|---|---|
| 003 | GCL | ||
| 008 | 140319s9999 xx 000 0 ara d | ||
| 040 |
_aGCL / _cGCL |
||
| 082 | 0 | 4 |
_a301.363 _bم ت |
| 245 | 1 | 0 | _aتخطيط المدينة العربية: المبادىء الاساسية واتجاهات المستقبل, مجموعة ابحاث المؤتمر الاول لمنظمةالمدن العربية |
| 300 | _a423 ص | ||
| 490 | _a | ||
| 650 | 0 | 4 | _aتخطيط المدن |
| 650 | 0 | 4 | _aالمدن العربية |
| 650 | 0 | 4 | _aالمستقبل |
| 942 |
_2ddc _cBK |
||
| 999 |
_c38045 _d38045 |
||